Sermons on questions children ask : (Record no. 31300)
[ view plain ]
| 000 -LEADER | |
|---|---|
| fixed length control field | 00919cam a2200313I 4500 |
| 001 - CONTROL NUMBER | |
| control field | 31300 |
| 003 - CONTROL NUMBER IDENTIFIER | |
| rucl marc code | BD-RjUL |
| 005 - DATE AND TIME OF LATEST TRANSACTION | |
| control field | 20211209051701.0 |
| 008 - FIXED-LENGTH DATA ELEMENTS--GENERAL INFORMATION | |
| fixed length control field | 140415s1963 nyu 000 0 eng c |
| 035 ## - SYSTEM CONTROL NUMBER | |
| System control number | (OCoLC)ocm01426401 |
| System control number | (BD-RjUL)31387 |
| System control number | (NNC)4678488 |
| 040 ## - CATALOGING SOURCE | |
| Original cataloging agency | ORL |
| Transcribing agency | ORL |
| Language of cataloging | eng |
| Modifying agency | BD-RjUL |
| 041 ## - LANGUAGE CODE | |
| Language code of text/sound track or separate title | eng |
| 082 ## - DEWEY DECIMAL CLASSIFICATION NUMBER | |
| Classification number | 204 |
| Author mark and year | MIS 1963 |
| 098 ## - OTHER CLASSIFICATION SCHEMES (OCLC) | |
| Call number based on other classification scheme | WX2 |
| 100 1# - MAIN ENTRY--PERSONAL NAME | |
| Personal name | Mielke, Arthur W. |
| 9 (RLIN) | 95250 |
| 245 10 - TITLE STATEMENT | |
| Title | Sermons on questions children ask : |
| Remainder of title | each paired with one for adults on the same theme / |
| Statement of responsibility, etc. | Arthur W Mielke. |
| 250 ## - EDITION STATEMENT | |
| Edition statement | Expanded ed. |
| 260 ## - PUBLICATION, DISTRIBUTION, ETC. (IMPRINT) | |
| Place of publication, distribution, etc. | New York : |
| Name of publisher, distributor, etc. | Crowell, |
| Date of publication, distribution, etc. | c 1963. |
| 300 ## - PHYSICAL DESCRIPTION | |
| Pagination | 287 p. ; |
| Size | 21 cm. |
| 650 #0 - SUBJECT ADDED ENTRY--TOPICAL TERM | |
| Topical term or geographic name as entry element | Children's questions and answers. |
| 9 (RLIN) | 95251 |
| Topical term or geographic name as entry element | Theology |
| Form subdivision | Miscellanea. |
| 9 (RLIN) | 95252 |
| Topical term or geographic name as entry element | Children's sermons. |
| 9 (RLIN) | 95253 |
| Topical term or geographic name as entry element | Sermons, American. |
| 9 (RLIN) | 95254 |
| 942 ## - ADDED ENTRY ELEMENTS (KOHA) | |
| Source of classification or shelving scheme | Dewey Decimal Classification |
| Koha item type | Books |
| Lost status | Source of classification or shelving scheme | Damaged status | Not for loan | Permanent Location | Current Location | Shelving location | Date acquired | Source of acquisition | Cost, normal purchase price | Total Checkouts | Full call number | Date last seen | Copy number | Koha item type |
|---|---|---|---|---|---|---|---|---|---|---|---|---|---|---|
| Dewey Decimal Classification | Not For Loan | Central Library, University of Rajshahi | Central Library, University of Rajshahi | Reading Room | 03/07/1968 | Book Centre | 19.75 | 204 MIS 1963 | 15/04/2014 | C-1 | Books |